000 01358nam a2200313 a 4500
001 BRCA_8408
005 20190320210251.0
008 201010s2005----th-a######---#000-1#tha-#
020 _a9741403135
041 _atha
044 _ath
050 4 _aPQ6323
_b.C47 2005
100 1 _aCervantes Saavedra, Miguel de
_d1547-1616
_9213
245 1 0 _aEl Ingenioso Hidalgo Don Quixote de la Mancha
_cpor Miguel de Cervantes Saavedra ; ilustrado por Gustave Doré ; traducción al tailandés por Swangwan Tricharoenwiwat ; editores de la traducción tailandesa Walaya Wiwatsorn, Makut Onrudee.
260 _aBangkok, Tailandia
_bButterfly Book House
_c2005
300 _a600 p.
_bil.
_c27 cm.
_e1 folleto
500 _aLibro donado por el Sr. Paisit Boonparlit, Ministro Consejero y Subjefe de Misión, Embajada Real de Tailandia, 20-abril-2015
546 _aTexto en : tailandés
650 1 4 _aNovela española
_yÉpoca clásica, 1500-1700
_9215
650 1 4 _aLiteratura española
_yÉpoca clásica, 1500-1700
_9216
650 1 4 _aNovela española
_ySiglo XVII
_9217
650 1 4 _aDon Quijote (Personaje ficticio)
_eNovela
_9218
700 1 _aDoré, Paul Gustave
_d1832-1883
_eil.
_921057
700 1 _aTricharoenwiwat, Swangwan
_etr.
_921058
700 1 _aWiwatsorn, Walaya
_eed.
_921059
700 1 _aOnrudee, Makut
_eed.
_921060
902 _aQAG
942 _2lcc
_cB
999 _c8076
_d8076